[Event "WchT Seniors 65"]
[Site "Hersonissos"]
[Date "2017.04.28"]
[Round "5.4"]
[White "Ashby, Anthony"]
[Black "Hammar, Bengt Erik"]
[Result "0-1"]
[WhiteElo "2080"]
[BlackElo "2165"]
[PlyCount "54"]
[EventDate "2017.04.24"]
[EventType "team-swiss"]
[EventRounds "9"]
[EventCountry "GRE"]
[SourceTitle "CBM 178 Extra"]
[Source "ChessBase"]
[SourceDate "2017.06.22"]
[SourceVersion "1"]
[SourceVersionDate "2017.06.22"]
[SourceQuality "1"]
[WhiteTeam "England"]
[BlackTeam "Sweden"]
[WhiteTeamCountry "ENG"]
[BlackTeamCountry "SWE"]

1. d4 Nf6 2. Bg5 g6 3. Bxf6 exf6 4. e3 f5 5. Ne2 d6 6. Nf4 Nd7 7. h4 Nf6 8. Nc3 c6 9. Bc4 b5 10. Bd3 d5 11. a4 b4 12. Nce2 Bd6 13. c4 bxc3 14. bxc3 0-0 15. g3 Re8 16. c4 Qa5+ 17. Kf1 dxc4 18. Bxc4 Ng4 19. Qb3 Re7 20. Rc1 Rb8 21. Qa2 Rb4 22. Nc3 Rxc4 23. Qxc4 Ba6 24. Nb5 cxb5 25. Qa2 bxa4+ 26. Kg1 Bb7 27. Rh3 Rc7 0-1

[Event "Liechtenstein Seniors op"]
[Site "Triesen"]
[Date "2014.05.31"]
[Round "9"]
[White "Hohler, Peter"]
[Black "Ashby, Anthony"]
[Result "1/2-1/2"]
[WhiteElo "2191"]
[BlackElo "2134"]
[PlyCount "34"]
[EventDate "2014.05.23"]
[EventType "swiss"]
[EventRounds "9"]
[EventCountry "LIE"]
[SourceTitle "CBM 160 Extra"]
[Source "ChessBase"]
[SourceDate "2014.07.01"]
[SourceVersion "1"]
[SourceVersionDate "2014.07.01"]
[SourceQuality "1"]

1. Nf3 g6 2. e4 d6 3. d4 Bg7 4. Nc3 Nc6 5. d5 Nb8 6. Be2 Nf6 7. 0-0 0-0 8. h3 Nbd7 9. Be3 c5 10. a4 a6 11. a5 b5 12. axb6 Nxb6 13. Nd2 Ne8 14. Ra3 Nc7 15. Nc4 Nxc4 16. Bxc4 Rb8 17. Na4 Bd7 1/2-1/2

[Event "Liechtenstein Seniors op"]
[Site "Triesen"]
[Date "2014.05.27"]
[Round "5"]
[White "Ashby, Anthony"]
[Black "Frick, Christoph"]
[Result "1/2-1/2"]
[WhiteElo "2134"]
[BlackElo "2244"]
[PlyCount "48"]
[EventDate "2014.05.23"]
[EventType "swiss"]
[EventRounds "9"]
[EventCountry "LIE"]
[SourceTitle "CBM 160 Extra"]
[Source "ChessBase"]
[SourceDate "2014.07.01"]
[SourceVersion "1"]
[SourceVersionDate "2014.07.01"]
[SourceQuality "1"]

1. e4 c6 2. d4 d5 3. e5 Bf5 4. c4 e6 5. Nc3 Ne7 6. Nge2 dxc4 7. Ng3 b5 8. a4 b4 9. Na2 b3 10. Nc3 Bc2 11. Qd2 Nd5 12. Bxc4 Bb4 13. 0-0 0-0 14. Bd3 c5 15. Bxc2 bxc2 16. Qxc2 Nc6 17. dxc5 Bxc3 18. bxc3 Nxe5 19. Ne4 Qh4 20. f3 f5 21. Ng5 Rae8 22. Qe2 Nc6 23. Bd2 Nxc3 24. Bxc3 Qxg5 1/2-1/2

[Event "Liechtenstein Seniors op"]
[Site "Triesen"]
[Date "2014.05.24"]
[Round "2"]
[White "Goris, Ton"]
[Black "Ashby, Anthony"]
[Result "1/2-1/2"]
[WhiteElo "2001"]
[BlackElo "2134"]
[PlyCount "64"]
[EventDate "2014.05.23"]
[EventType "swiss"]
[EventRounds "9"]
[EventCountry "LIE"]
[SourceTitle "CBM 160 Extra"]
[Source "ChessBase"]
[SourceDate "2014.07.01"]
[SourceVersion "1"]
[SourceVersionDate "2014.07.01"]
[SourceQuality "1"]

1. e4 e6 2. d4 d5 3. e5 c5 4. c3 Nc6 5. Nf3 Bd7 6. a3 f6 7. Bd3 Qc7 8. 0-0 0-0-0 9. Re1 h6 10. exf6 gxf6 11. g3 e5 12. dxe5 fxe5 13. Nh4 Nge7 14. b4 c4 15. Bc2 Bg7 16. a4 Bf6 17. Ng6 Nxg6 18. Bxg6 Be6 19. Na3 h5 20. Qf3 Qg7 21. Bf5 Bxf5 22. Qxf5+ Kb8 23. Nc2 h4 24. Ra2 Rd6 25. Ne3 Ne7 26. Qg4 Qh7 27. Rd2 hxg3 28. fxg3 Rg8 29. Qe2 Bg5 30. Rc2 Re6 31. Ng2 Bxc1 32. Rcxc1 Rh8 1/2-1/2

[Event "EU-chT Seniors 15th"]
[Site "Dresden"]
[Date "2013.07.27"]
[Round "8"]
[White "Fatalibekova, Elena"]
[Black "Ashby, Anthony"]
[Result "1-0"]
[WhiteElo "2272"]
[BlackElo "2116"]
[PlyCount "50"]
[EventDate "2013.07.20"]
[EventType "team-swiss"]
[EventRounds "9"]
[EventCountry "GER"]
[SourceTitle "CBM 155 Extra"]
[Source "ChessBase"]
[SourceDate "2013.08.26"]
[SourceVersion "1"]
[SourceVersionDate "2013.08.26"]
[SourceQuality "1"]
[WhiteTeam "Russia (W)"]
[BlackTeam "England II"]
[WhiteTeamCountry "RUS"]
[BlackTeamCountry "ENG"]

1. d4 d6 2. e4 Nf6 3. Nc3 g6 4. f3 Bg7 5. Be3 c6 6. Qd2 b5 7. Bh6 Bxh6 8. Qxh6 Qc7 9. 0-0-0 Nbd7 10. Qe3 a6 11. g4 Bb7 12. g5 Nh5 13. Bh3 0-0-0 14. Nge2 Kb8 15. f4 Nb6 16. b3 e6 17. Ng3 Ng7 18. Bg2 Rc8 19. Rd2 Rhe8 20. h4 Nd7 21. h5 Rh8 22. h6 Nf8 23. f5 exf5 24. exf5 d5 25. Rf1 Qd6 1-0

[Event "BCF-ch Senior"]
[Site "North Shields"]
[Date "2012.08.02"]
[Round "6.2"]
[White "Hutchinson, Norman A"]
[Black "Ashby, Anthony"]
[Result "1-0"]
[WhiteElo "2080"]
[BlackElo "2119"]
[PlyCount "57"]
[EventDate "2012.07.28"]
[EventType "swiss"]
[EventRounds "7"]
[EventCountry "ENG"]
[SourceTitle "EXT 2023"]
[Source "ChessBase"]
[SourceDate "2022.10.05"]
[SourceVersion "1"]
[SourceVersionDate "2022.10.05"]
[SourceQuality "1"]

1. e4 e6 2. d4 d5 3. Nd2 Nf6 4. e5 Nfd7 5. Ngf3 c5 6. c3 Nc6 7. Bd3 g6 8. h4 h6 9. Bc2 Be7 10. Nb3 b6 11. Be3 Ba6 12. a3 Qc7 13. Qd2 Bf8 14. Nh2 0-0-0 15. Ng4 h5 16. Nh2 Ndxe5 17. dxe5 Nxe5 18. Bg5 Rd7 19. 0-0-0 Nc4 20. Qe2 Bg7 21. Nd2 b5 22. Nxc4 bxc4 23. Ba4 Rd6 24. Bf4 Bh6 25. Bxh6 Rxh6 26. Qe5 Rh7 27. Nf3 Qe7 28. Qe3 Rb6 29. Rxd5 1-0

[Event "BCF-ch Senior"]
[Site "North Shields"]
[Date "2012.07.29"]
[Round "2.2"]
[White "Feavyour, John"]
[Black "Ashby, Anthony"]
[Result "0-1"]
[WhiteElo "2047"]
[BlackElo "2119"]
[PlyCount "84"]
[EventDate "2012.07.28"]
[EventType "swiss"]
[EventRounds "7"]
[EventCountry "ENG"]
[SourceTitle "EXT 2023"]
[Source "ChessBase"]
[SourceDate "2022.10.05"]
[SourceVersion "1"]
[SourceVersionDate "2022.10.05"]
[SourceQuality "1"]

1. d4 e6 2. Nf3 Nf6 3. c4 c5 4. d5 b5 5. Bg5 exd5 6. cxd5 d6 7. e4 a6 8. a4 b4 9. Nbd2 Be7 10. Bd3 Nxd5 11. exd5 Bxg5 12. Nxg5 Qxg5 13. Nf3 Qe7+ 14. Kd2 0-0 15. Qc2 h6 16. Rae1 Qf6 17. h3 Nd7 18. Kc1 Nb6 19. Be4 Bd7 20. b3 c4 21. a5 cxb3 22. Qxb3 Na4 23. Kd2 Rab8 24. Bb1 Nc3 25. Qc4 Rb5 26. Bd3 Rxd5 27. Qxb4 Bb5 28. Re3 Bxd3 29. Rxd3 Rxd3+ 30. Kxd3 Nb5 31. Kd2 Qe6 32. Rc1 Re8 33. Rc2 Qe2+ 34. Kc1 Qf1+ 35. Kb2 Qxg2 36. Nd4 Nxd4 37. Qxd4 Rb8+ 38. Kc1 Qg5+ 39. f4 Qxa5 40. Kd1 Rb1+ 41. Ke2 Qe1+ 42. Kf3 Rb3+ 0-1

[Event "Wch Seniors 20th"]
[Site "Arco"]
[Date "2010.10.30"]
[Round "5"]
[White "Ashby, Anthony"]
[Black "Pritchett, Craig William"]
[Result "0-1"]
[WhiteElo "2149"]
[BlackElo "2314"]
[PlyCount "74"]
[EventDate "2010.10.26"]
[EventType "swiss"]
[EventRounds "11"]
[EventCountry "ITA"]
[SourceTitle "EXT 2011"]
[Source "ChessBase"]
[SourceDate "2010.11.26"]
[SourceVersion "1"]
[SourceVersionDate "2010.11.26"]
[SourceQuality "1"]

1. e4 c5 2. Nf3 e6 3. c3 Nf6 4. e5 Nd5 5. d4 cxd4 6. cxd4 d6 7. Nc3 Nxc3 8. bxc3 Qc7 9. Bd2 Nd7 10. exd6 Bxd6 11. Bd3 b6 12. Qe2 Bb7 13. Be4 Bxe4 14. Qxe4 0-0 15. 0-0 Rac8 16. Rfe1 Qc4 17. Qh4 Rfe8 18. Ng5 Nf6 19. Re3 h6 20. Rh3 Qe2 21. Nf3 Qe4 22. Qxe4 Nxe4 23. Rc1 Rc4 24. Be1 Rec8 25. Nd2 Rxd4 26. Rh4 Rxd2 27. Bxd2 Nxd2 28. Rd4 Nc4 29. g3 Kf8 30. h4 h5 31. Kg2 Ke7 32. f4 g6 33. Kf3 b5 34. Rb1 Nb6 35. Rd3 a6 36. Rbd1 Nd5 37. Rc1 Rc4 0-1